Responses for Show #9139 - Thursday, July 4, 2024

Isaac Hirsch game 2.

Contestants

[<< previous game]

Josh Martin, a corporate pilot from Springfield, Missouri

Christine Roberts, a digital marketing coordinator originally from Holland, Pennsylvania

Isaac Hirsch, a customer support team lead from Burbank, California (whose 1-day cash winnings total $19,185)

[next game >>]

Jeopardy! Round responses

HISTORY, AMERICAN STYLE
SAME ROLE IN THE FRANCHISE
WORDS WITH SILENT CONSONANTS
HIT THE GRID-Y
GAME-POURRI
PLAY TIME
    $200 16
John Adams

Josh
    $200 21
Lando

Isaac
    $200 30
an answer

Isaac
    $200 29
a matrix

Isaac
    $200 8
a farm

Isaac
    $200 17
Death of a Salesman

Josh
    $400 4
the Alamo

Isaac
    $400 20
Jim Phelps

Triple Stumper
    $400 22
a yacht

Isaac
    $400 24
Instagram

Isaac
    $400 28
Monopoly money

Josh
    $400 15
A Streetcar Named Desire

Josh
    $600 5
Tulsa

Isaac
    $600 1
Alfred

Isaac
    $600 23
heir

Josh
    $600 19
(Isaac: What is... power grid overload?)

gridlock traffic

Isaac
Triple Stumper
    $3,400 9
(Isaac: What are Spades?)

Charades

Isaac
    $600 14
Angels in America

Josh
    $800 6
the Exxon Valdez

Isaac
    $800 2
Mystique

Isaac
    $800 26
a ricochet

Isaac
    $800 18
boondocking

Triple Stumper
    $800 10
mahjong

Josh
    $800 12
Our Town

Isaac
    $1000 7
Boss Tweed

Christine
    $1000 3
Duncan Idaho

Christine
    $1000 27
the wrist

Isaac
    $1000 25
Le Corbusier

Triple Stumper
    $1000 11
Brookhaven

Triple Stumper
    $1000 13
Hedda Gabler

Josh

Scores at the first commercial break (after clue 15):

Isaac Christine Josh
$800 $2,000 $2,800

Scores at the end of the Jeopardy! Round:

Isaac Christine Josh
$3,400 $2,000 $4,200

Double Jeopardy! Round responses

SEE YOU IN THE FUNNY PAPYRUS
3 E's ONLY
(Ken: Those are all the vowels in each correct response.)
PACIFIC ISLANDS
LATIN MUSIC
KNOWN BY THEIR INITIALS
WELL, WE'VE NEVER HAD THAT RESPONSE
    $400 21
a cat

Isaac
    $400 28
fleece

Christine
    $400 1
an oar (paddle)

Christine
    $400 29
(Ken: Now it's time for [*].)
[Laughter]

Shakira

Isaac
    $400 13
C.S. Lewis

Josh
    $400 30
Let there be lightsaber

Josh
    $800 20
a scribe

Christine
    $800 16
exceed

Isaac
    $800 2
pearls

Christine
    $800 15
Tijuana

Josh
    $800 12
H.L. Mencken

Isaac
    $800 24
(Ken: Yeah, we love [*], the King.)

Pelvis Parsley

Isaac
    $1200 7
Sappho

Isaac
    $1200 17
severe

Isaac
    $1200 3
the Cook Islands

Isaac
    $1200 22
(Isaac: Who is Shakira?)

Anitta

Isaac
Triple Stumper
    $1200 4
(Ken: Yeah, kind of a self-serving quote from [*].)
[Laughter]

L.L. Bean

Isaac
    $1200 14
(Isaac: What is Pisa junk--[*]?)
...
(Ken: We've never had that response, Isaac; you can't deny it.)
[Laughter]

Leaning Tower of Pisa junk

Isaac
    $3,000 8
the Red Sea Scrolls

Isaac
    $1600 18
veneer

Isaac
    $5,000 10
Guam

Josh
    $1600 27
Salsa

Isaac
    $1600 5
Housman

Isaac
    $1600 23
The Jung and the Restless

Josh
    $2000 9
Khufu

Josh
    $2000 19
red-eye

Isaac
    $2000 11
(Ken: Fletcher Christian and the Bounty mutineers wound up on [*].)

Pitcairn Island

Triple Stumper
    $2000 26
Kali Uchis

Triple Stumper
    $2000 6
(M.C.) Escher

Isaac
    $2000 25
(Isaac: What is extra twinnings?)

extra awnings

IsaacChristine

Scores at the end of the Double Jeopardy! Round:

Isaac Christine Josh
$21,200 $6,400 $14,400

[wagering suggestions for these scores]

Final Jeopardy! Round responses

TECH TALK
(Ken: [To Josh] Jean Polly was one of the people who popularized that expression in the early days of the Internet.)
ChristineWhat thanks!
$2,000
JoshWhat is surf the web?
$799
IsaacWhat is surf the web?
$7,601
surf the web

Final scores:

Isaac Christine Josh
$28,801 $4,400 $15,199
2-day champion: $47,986 3rd place: $2,000 2nd place: $3,000

Game dynamics:

Coryat scores:

Isaac Christine Josh
$23,200 $6,400 $11,000
30 R
(including 1 DD),
4 W
(including 1 DD)
7 R,
0 W
14 R
(including 1 DD),
0 W

Combined Coryat: $40,600

[game clues] [game scores] [suggest correction]

Game tape date: 2024-05-15
The J! Archive is created by fans, for fans. Scraping, republication, monetization, and malicious use prohibited; this site may use cookies and collect identifying information. See terms. The Jeopardy! game show and all elements thereof, including but not limited to copyright and trademark thereto, are the property of Jeopardy Productions, Inc. and are protected under law. This website is not affiliated with, sponsored by, or operated by Jeopardy Productions, Inc. Join the discussion at JBoard.tv.